| 000 | 00478nam a2200181Ia 4500 | ||
|---|---|---|---|
| 008 | 240925s9999 xx 000 0 und d | ||
| 020 | _a137783825 | ||
| 082 | _a658.45 BOV | ||
| 100 | _aBovee, Courtland L; Thill, John V. | ||
| 245 | 0 | _aBusiness Communication Today | |
| 250 | _a4th | ||
| 260 |
_aNew Jersey: _bPrintice- Hall Int. _c,1997. |
||
| 300 |
_axvi,526p. _bN.A _fOriginal |
||
| 500 | _aIncludes Index | ||
| 600 | _aManagement | ||
| 650 | _aManagement | ||
| 942 | _cBK | ||
| 999 |
_c5356 _d5356 |
||